000 01677cam a22004814i 4500
003 PE-LiUPU
005 20250731172909.0
008 170504s1998 idu r 000 0 eng d
020 _a0816316791
_q(pbk.)
020 _a9780816316793
_q(pbk.)
035 _a(Sirsi) a167529
040 _aPE-LiUPU
_bspa
_cPE-LiUPU
_erda
049 _aPRUA
082 0 4 _a234
_bN38
_220
100 1 _aNelson, Dwight K.,
_eautor.
245 1 0 _aOutrageous grace :
_bfinding a forever friendship with God /
_cDwight K. Nelson.
264 1 _aNampa, Idaho :
_bPacific Press Pub.,
_c1998.
300 _a126 páginas ;
_c18 centimetros
336 _atext
_2rdacontent
337 _aunmediated
_2rdamedia
338 _avolume
_2rdacarrier
526 _aSEG42
526 _aSEG41
526 _aSEG40
526 _aSEG39
526 _aP94
526 _aP87
526 _aP86
526 _aP85
526 _aP77
526 _aP76
526 _aP35
650 0 _aGracia (Teología).
650 7 _aVida cristiana.
650 7 _aVida cristiana.
_2fast
_0(OCoLC)fst00859185
910 _ajck
_bjvq
_cjck
_d20170504.
942 _2ddc
_cBOOK
949 _a234 N38
_wDEWEY
_c1
_i75665
_lCATALOGING
_mBUL
_p3.00
_r0
_sY
_tBOOK
_u2017-05-04
_xTEOLOGIA
_zPOSGRADO TEOLOGÍA
_0COMPRA
_o.CIRCNOTE. El documento es de alto precio.
_o.STAFF. Colección Teología
994 _aC0
_bPEPRU
596 _a1
999 _a234 N38
_wLC
_c16256
_i75665
_d16256
_e2019-9-6
_f2021-11-10
_g4
_lCCODEBUL1
_mBUL
_n1
_p3.00
_r0
_sY
_tBOOK
_u2017-5-5
_xTEOLOGIA
_PP85
_0COMPRA
_o.STAFF. Colección Teología
980 _81
_gALBERTO SANCHEZ Responsable de Automatización